|
|
|
|
| LEADER |
01085nam a2200265 a 4500 |
| 001 |
2281993 |
| 008 |
100412t19801979nyu b 001 0 eng d |
| 010 |
|
|
|a 79026691
|
| 020 |
|
|
|a 0422776300
|
| 020 |
|
|
|a 0312216270
|
| 040 |
|
|
|a DLC
|c DLC
|d DLC
|d BD-DhAAL
|
| 082 |
0 |
0 |
|a 305.4
|2 19
|
| 100 |
1 |
|
|a Rogers, Barbara,
|d 1945-
|
| 245 |
1 |
4 |
|a The domestication of women :
|b discrimination in developing societies /
|c Barbara Rogers.
|
| 260 |
|
|
|a New York, N.Y. :
|b St. Martin's Press, ;
|b Tavistock Publications,
|c 1980
|
| 300 |
|
|
|a 200 p. ;
|c 23 cm.
|
| 504 |
|
|
|a Includes bibliographical references and index.
|
| 541 |
1 |
|
|e 00001627
|
| 650 |
|
0 |
|a Women
|z Developing countries.
|
| 650 |
|
0 |
|a Women in rural development
|z Developing countries.
|
| 650 |
|
0 |
|a Sex discrimination against women
|z Developing countries.
|
| 650 |
|
0 |
|a Division of labor.
|
| 852 |
4 |
|
|a Ayesha Abed Library
|j General shelf
|
| 999 |
|
|
|c 8078
|d 8078
|
| 952 |
|
|
|0 0
|1 0
|2 ddc
|4 0
|6 305_400000000000000_ROG_1980
|7 0
|9 9195
|a BRACUL
|b BRACUL
|c GEN
|d 2010-04-12
|g 0.00
|l 0
|o 305.4 ROG
|p 3010001627
|r 2010-04-12
|t 1
|w 2010-04-12
|y BK
|z Not price in Register
|